Vánoční pozdrav! Šťastný a veselý Nový rok!

Zobrazenie: V bielom orámovaní pohľad na modliaceho sa chlapčeka, kľačiaceho v snehu, pred ihličatými, zasneženými stromami, na ktorých sú horiace sviečky. V dolnej časti sa nachádza krátka vinšovačka

Bibliographic Details
Format: Postcard
Language:Czech
PhysicalDescription:1 pohľadnica farebná 14 x 9 cm
Published: Praha Unie [1908?]
Subjects:

MARC

LEADER 00000ckm a2200000 a 4500
001 vtls010740708
003 SK-MaSNL
005 20260512125111.0
007 kp co
008 231214q1908 xr g 00 kucze
015 |a SNBG1908 
035 |a 31501C09-011E-4402-A0E4-74F9D32D4D6C 
035 |a urn:nbn:sk:snk-kmy0wd 
035 |a urn:nbn:sk:snk-km007xg3 
040 |a SNK  |b slo  |c SNK  |e AACR2 
041 0 |a cze 
044 |a xr  |c CZ 
072 7 |a 398  |x Folklór  |2 konspekt 
080 |a 398.332.416  |2 2011 
080 |a 94(084.121)  |2 2011 
080 |a 398.332.42  |2 2011 
245 0 0 |a Vánoční pozdrav! Šťastný a veselý Nový rok!  |h grafika 
260 |a Praha  |b Unie  |c [1908?] 
300 |a 1 pohľadnica  |b farebná  |c 14 x 9 cm 
500 |a Na adresnej časti uvedené: "Nákladem a ve prospěch Ústřední Matice Školské v Praze" 
500 |a Na adresnej časti uvedené: "Dopisnice - Tiskopis" 
500 |a Na obrazovej časti uvedené: "Matiční, hle, dráteníček, rád Vám s námi štěstí přeje, v snežném třpytu, v jasu sviček zimou se, ach, všecek chvěje ; modlí se ; jak vroucně, svatě ! Zda kdo, dítě, vzpomněl na tě?" 
520 8 |a Zobrazenie: V bielom orámovaní pohľad na modliaceho sa chlapčeka, kľačiaceho v snehu, pred ihličatými, zasneženými stromami, na ktorých sú horiace sviečky. V dolnej časti sa nachádza krátka vinšovačka 
650 0 7 |a Vianoce  |2 SNKPH  |9 3412 
650 0 7 |a Nový rok  |2 SNKPH  |9 19945 
650 0 7 |a sviatky  |2 SNKPH  |9 740 
655 7 |a historické pohľadnice  |2 SNKPH  |9 159703 
655 7 |a príležitostné pohľadnice  |2 SNKPH  |9 70549 
852 |a Slovenská národná knižnica 
958 |a GBN 
958 |a ONDV 
958 |a GC 
999 |c 1014697  |d 1016627 
952 |a SNK  |b SNK  |y PREZ  |7 0  |p 17A1163628  |o snkSP 5527  |z Pohľadnica prešla poštou.  |0 0  |1 0  |4 0  |d 2015-07-30  |f 1  |l 0  |r 2026-02-24 13:05:01  |w 2026-02-24